Simándy Pál emlékére

Bibliographic Details
Main Author: Gyüre, Lajos, 1931-2018 (Author)
Format: Article
Language:Hungarian
Subjects:

MARC

LEADER 00000nab a2200000 a 4500
001 vtls000331546
003 SK-MaSNL
005 20260318132518.0
008 160215c1988 xo 0 hun
015 |a SNBRB19rr/mm-uuuuu 
035 |a CL0331668 
040 |a SNKBUCL  |b slo  |c SNKBUCL  |e AACR2 
041 0 |a hun 
044 |a xo  |c SK 
080 |a 82:929:894.511  |2 1981 
080 |a 929  |2 1981 
080 |a 894.511  |2 1981 
080 |a 929 Simándy, Pál  |2 1981 
100 1 |a Gyüre, Lajos,  |d 1931-2018  |4 aut  |9 178874 
245 1 0 |a Simándy Pál emlékére  |c Lajos Gyüre ; Pál Simándy 
500 |a V rubrike Beszélő múlt. 
600 1 7 |a Simándy, Pál,  |d 1891-1978  |2 snkbucl  |9 1216192 
650 0 7 |a pôsobenie na Slovensku  |2 snkbucl  |9 1216193 
655 7 |a články z novín a časopisov  |2 snkbucl  |9 267496 
655 7 |a články z odboru literárna veda a krásna literatúra  |2 snkbucl  |9 770045 
773 0 |t Irodalmi szemle  |g Roč. 31, č. 5 (1988), s. 507-512 
850 |a Slovenská národná knižnica v Martine  |a MTA001 
852 |a SNK  |b KIS3GCP 
958 |a BX 
958 |a RK 
958 |a HU 
958 |a LX 
992 |a RBX 
999 |c 2130331  |d 2132261